On Modular Embeddings of Geometric Lattices Extended Abstracts

Na minha lista:
Detalhes bibliográficos
Autor principal: Kern, Walter
Formato: Livro
Idioma:inglês
Publicado em: Bonn Rheinische Friedrich-Wilhelms-Universität 1985
Edição:1. ed.
Colecção:Report No.85.20
Tags: Adicionar Tag
Sem tags, seja o primeiro a adicionar uma tag!

MARC

LEADER 00000nam a2200000 4500
001 c028752
005 20221220075905.9
041 0 |a eng 
044 |a DE 
245 1 0 |a On Modular Embeddings of Geometric Lattices  |b Extended Abstracts  |c Walter Kern 
250 |a 1. ed. 
264 1 |a Bonn  |b Rheinische Friedrich-Wilhelms-Universität  |c 1985 
300 |a 5 s. 
490 1 |a Report  |v No.85.20 
830 0 |a Report  |v No.85.20 
100 1 |a Kern, Walter